000 00925 a2200217 4500
001 41319
005 20260407155707.0
008 260407a1986 arg spa d
003 AR-UNSa-BCEJYS
040 _aAR-UNSa-BCEJYS
_bspa
_cAR-UNSa-BCEJYS
080 _a347.91
_xProcedimientos civiles particulares (Derecho Procesal Civil)
245 1 0 _aRecursos en el proceso civil y comercial
_pordinarios y extraordinarios
020 _a950-508-180-4
264 1 _aBuenos Aires :
_bAstrea
_c1986
300 _axl, 398 p.
_c23 cm.
505 _a1. Recurso de aclaratoria - 2. Recurso de reposición o revocatoria - 3. Recurso de apelacíón - 4. Procedimiento en segunda instancia - 5. Queja por recurso denegado - 6. Los recursos extraordinarios en la Provincia de Buenos Aires - 7. Recurso de nulidad extraordinario -
041 _aspa
942 _cBK
590 _aniveau_biblio:m niveau_hierar:0
100 1 _aLevitán, José
999 _c3462
_d3462